000 00328nam a2200145Ia 4500
008 230917s9999||||xx |||||||||||||| ||und||
040 _e138752
_aMAIN
041 _aEnglish
082 _a823.7 D555B
100 _aDickens, Charles
245 0 _aBleak house
260 _bWordsworth
_c2001
300 _a760p p.
942 _cBK
999 _c143683
_d143683